000 01045nam a2200289 i 4500
001 bgj
100 1 _aDIETERICH, Thomas G.
245 1 0 _aA linguistic guide to English proficiency testing in schools /
_cThomas G. Dieterich, Cecilia Freeman ; prepared by ERIC Clearinghouse on Languages and Linguistics.
260 _aArlington, Va :
_bCenter for Applied Linguistics,
_c1979.
300 _aVIII, 53 pp ;
_c28 cm.
490 1 _aLanguage in Education ;
_v23
504 _aBibliography included.
505 _aIncludes index.
650 9 _aEnglish language
_xStudy and teaching
_xForeign speakers
650 9 _aEnglish language
_xExaminations
650 9 _aEnglish language
_xAbility testing
700 1 _aFREEMAN, Cecilia.
_eco-author
710 _aCenter for Applied Linguistics
710 _aERIC Clearinghouse on Language and Linguistics
830 _aLanguage in Education ;
020 _a0872811107
040 _cBPK
041 0 _aeng
920 _a0-8728-1110-7
942 _cKS
008 s uk f |000 0 eng
999 _c47634
_d47634
856 _uhttp://koha.tu.koszalin.pl/cgi-bin/koha/opac-detail.pl?biblionumber=47634
_yKatalog online BPK